Music Quiz

Random Music or Thanksgiving Quiz

Alice's Restaurant Quiz Stats

 Plays Quiz Updated Mar 27, 2020

Support Sporcle.
Go Orange.
Score 0/50 Timer 10:00
0 Plays Today
Hint Answer % Correct
What you can get at Alice's restaurantAnything you want
93.9%
How big the photographs were8'' by 10''
53.3%
What I said I was arrested for'Littering.'
52.8%
Where Alice livesThe church
50.6%
What the shrink started yelling with me'KILL! KILL!'
49.6%
What you can't get at Alice's restaurantAlice
48.8%
What I said to the shrink'Shrink, I wanna kill.'
45.5%
What he wanted before he put us thereWallet and belt
45.1%
Who gave us a phone callOfficer Obie
44.8%
What the judge walked in withA seeing-eye dog
43.4%
What it was a typical case ofAmerican blind justice
43%
Our vehicleA red VW Microbus
42%
Who was right there on the bench next to meFather rapers
41.8%
Who was on the bench thereMother rapers
39.4%
What he could have given us for our honestyA medal
39.4%
What I came to talk aboutThe draft
39%
My groupGroup W
38.9%
What they'll think if fifty people a day do itIt's a movement
38.4%
What we brought, with shovels and rakesImplements of de-struction
38.4%
What he had found beneath the garbageAn envelope
38.3%
How many photographs they took27
37.5%
What the sign at the dump saidClosed on Thanksgiving
36.9%
What was on the backs of the photographsA paragraph
36.7%
What he took so I wouldn't drownToilet seat
36.2%
Where Obie put usIn the cell
35.7%
Hint Answer % Correct
What was on the photographsCircles and arrows
35.7%
What I did the night before I wentGot good and drunk
34.1%
What he took so I wouldn't escapeToilet paper
32.6%
The only question they had'Have you ever been arrested?'
31.8%
What you should say to the shrink'You can get anything you want...'
29.3%
Alice's husbandRay
27.8%
Who else was on the bench thereFather stabbers
27.7%
The town with the ''Scene of the Crime''Stockbridge
26.3%
How long we spoke to him45 minutes
25.5%
When it all startedTwo Thanksgivings ago
23.9%
What I added that made them come back'And creating a nuisance.'
22.5%
What the meanest one said to me'Kid, what did you get?'
22%
What the sergeant said'You're our boy.'
21.7%
How long I've been singing25 minutes
21%
What the building in New York is calledWhitehall Street
21%
Alice's dogFasha
18.6%
How high the cliff wasFifteen feet
18.4%
What I want to eat'Dead, burnt bodies'
18.1%
What I wanted to beThe all-American kid from New York
17.2%
What you have to do to end war and stuffSing loud
14.6%
What it said on the other side of the page(''KID, HAVE YOU REHABILITATED YOURSELF?'')
11.9%
What he said before he put us there'Kid, I'm gonna put you in the cell.'
10.3%
The psychiatrist's room number604
9.8%
What they'll think it three people do itIt's an organization
9.8%
What they'll think if one person does itHe's really sick
6.7%

You're not logged in!

Compare scores with friends on all Sporcle quizzes.
OR
Log In

From the Vault

Find More Missing Fauna in Songs

by timmylemoine1

What would these animals think of the songs that have been written about them?
Remove Ads.
Support Sporcle.
Get the best of Sporcle when you Go Orange. This ad-free experience offers more features, more stats, and more fun while also helping to support Sporcle. Thank you for becoming a member.

Show Comments

Extras

Top Quizzes Today


Score Distribution

Your Account Isn't Verified!

In order to create a playlist on Sporcle, you need to verify the email address you used during registration. Go to your Sporcle Settings to finish the process.

Report this User

Report this user for behavior that violates our Community Guidelines.

Details: